000 00405nam a2200169Ia 4500
003 OSt
005 20240403113038.0
008 170619s9999 xx 000 0 und d
020 _a9780195155983
040 _cIIMT ENGINEERING COLLEGE
100 _aVicker- John J
245 0 _aTheroy of Machines & Mechanism
260 _bOxford Uni. Press
260 _c2003
546 _aENGLISH
942 _2ddc
_c01
999 _c16829
_d16829